Der Weg polnischer Displaced Persons aus Lübeck nach Stettin - Ausreise aus Deutschland, Ankunft und Ansiedlung in Polen

Titel: Der Weg polnischer Displaced Persons aus Lübeck nach Stettin - Ausreise aus Deutschland, Ankunft und Ansiedlung in Polen / Maciej Chrostowski
Verfasser:
In: Lager - Repatriirung - Integration, (2016), Seite 121-153
alle Artikel anzeigen
Veröffentlicht: 2016
Format: Aufsatz
Sprache: Deutsch
Schlagworte:
Kein Bild verfügbar
X
alg: 41592665
001A    $03025:22-08-17 
001B    $01999:10-12-24 $t22:55:42.000 
001D    $03025:22-08-17 
001U    $0utf8 
001X    $00 
002@    $0Aou 
002C    $aText $btxt $2rdacontent 
002D    $aohne Hilfsmittel zu benutzen $bn $2rdamedia 
002E    $aBand $bnc $2rdacarrier 
003@    $0415926653 
007A    $0415926653 $aHEB 
010@    $ager 
010E    $erda 
011@    $a2016 
021A    $aDer @Weg polnischer Displaced Persons aus Lübeck nach Stettin - Ausreise aus Deutschland, Ankunft und Ansiedlung in Polen $hMaciej Chrostowski 
028A    $BVerfasser $4aut $71349251437 $8Chrostowski, Maciej [Tp3] $9524092532 
031A    $h121-153 $j2016 
037A    $aQuellen- und Literaturverzeichnis, Seite 145-153 
039B    $aEnthalten in $8--Aau--. Lager - Repatriirung - Integration. - 1. Auflage. - Leipzig : BiblionMedia, 2016. - 336 Seiten. - Illustrationen. - ISBN 3-86688-506-7 $x201600000000000879 $9381762084 
044K    $RDeutsches Sprachgebiet $RDeutschland $RDeutschland $#Deutsche Länder $#Germany Deutschland $#Heiliges Römisches Reich $#Rheinbund $#Deutscher Bund $#Norddeutscher Bund $#Deutsches Reich $#Deutschland Gebiet unter Alliierter Besatzung $#Deutschland Bundesrepublik, 1990- $#BRD 1990- $#Federal Republic of Germany Deutschland $#Republic of Germany Deutschland $#Allemagne Deutschland $#Ǧumhūrīyat Almāniyā al-Ittiḥādīya $#Bundesrepublik Deutschland 1990- $#BRD $#Niemcy $#République Fédérale d'Allemagne Deutschland $#Repubblica Federale di Germania Deutschland $#Germanija $#Federativnaja Respublika Germanija $#FRG $#Deyizhi-Lianbang-Gongheguo $74011882-4 $8Deutschland [Tg1] $9085025550 
044K    $RPolen-Litauen $RKongresspolen $RWestgalizien $RStaat Krakau $#Generalgouvernement Polen $#Polska $#Rzeczpospolita Polska $#Polska Rzeczpospolita Ludowa $#Poland $#Pologne $#République Polonaise $#Generalne Gubernatorstwo w Polsce $#Polish People's Republic $#Polska Rzeczpospolita Polen $#PRL $#RP $#Polen Generalgouvernement $#Polska Generalgouvernement $#Besetzte Polnische Gebiete $#Besetztes Gebiet in Polen $#Okupowane Polskie Obszary $#Obszary Okupowane w Polsce $#Volksrepublik Polen $#Polska Rosyjska $#Republic Polen $#Respublika Pol'ša $#Pol'skaja Narodnaja Respublika $#République de Pologne $#Polen Links der Weichsel $#Polska po Lewej Stronie Wisły $#Lenkija $#Polija $#Gubernija Carstva Pol'skago $#Republik Polen $74046496-9 $8Polen [Tg1] $9085129801 
044K    $#Lübeck $#Freye Stadt Lübeck $#Lubeka $#Libekā $#Hansestadt Lübeck $#Freie Stadt Lübeck $#Freie und Hansestadt Lübeck $#Senat der Hansestadt Lübeck $#Lubeca $74036483-5 $8Lübeck [Tg1] $9085098868 
044K    $RLandkreis Randow $#Stettin $#Szczecin $#Stetina $#Stadtkreis Stettin $#Groß Stettin $#Sedinum $#Alten Stettin $#Olden Stettin $#Ščecinas $#Štětín $74057392-8 $8Stettin [Tg1] $9085159689 
044K    $RMobilität $RRegionale Mobilität $#Emigration and immigration $#Émigration et immigration $#migration $#Migration $#Bevölkerungswanderung $#Wanderung Soziologie $#Wanderungen $#Wanderungsbewegung $74120730-0 $8Migration [Ts1] $9085386928 
044K    $RZwangsarbeiter $RHeimatloser Ausländer $RFlüchtling $#Refugees $#Réfugiés $#Profughi $#Displaced Person $#DP $74140484-1 $8Displaced Person [Ts1] $9085539031 
045R    $aGeschichte 1944-1951 

lok: 41592665 78

exp: 41592665 78 1 #EPN
201B/01 $022-08-17 $t15:23:02.000 
201C/01 $022-08-17 
201U/01 $0utf8 
203@/01 $01006256512 
208@/01 $a22-08-17 $be 
209A/01 $a/ $f000 $x00 
209A/01 $ab*p $x01 
220C/01 $apgar 
244Z/01 $#Generalgouvernement Polen $#Polska $#Rzeczpospolita Polska $#Polska Rzeczpospolita Ludowa $#Poland $#Pologne $#République Polonaise $#Generalne Gubernatorstwo w Polsce $#Polish People's Republic $#Polska Rzeczpospolita Polen $#PRL $#RP $#Polen Generalgouvernement $#Polska Generalgouvernement $#Besetzte Polnische Gebiete $#Besetztes Gebiet in Polen $#Okupowane Polskie Obszary $#Obszary Okupowane w Polsce $#Volksrepublik Polen $#Polska Rosyjska $#Republic Polen $#Respublika Pol'ša $#Pol'skaja Narodnaja Respublika $#République de Pologne $#Polen Links der Weichsel $#Polska po Lewej Stronie Wisły $#Lenkija $#Polija $#Gubernija Carstva Pol'skago $#Republik Polen $74046496-9 $8--Tg1--Polen $x01 $9085129801 
247C/01 $82080>Marburg/Lahn, Herder-Institut, Forschungsbibliothek, Bibliographieportal $9336309341
LEADER 00000caa a2200000 c 4500
001 415926653
003 DE-603
005 20241210225542.0
007 tu
008 170822s2016 xx |||| | u00||u|ger c
035 |a (DE-599)HEB415926653 
040 |a DE-603  |b ger  |c DE-603  |d DE-603  |e rda 
041 |a ger 
100 1 |a Chrostowski, Maciej  |e Verfasser  |4 aut  |0 (DE-603)524092532  |0 (DE-588)1349251437  |2 gnd 
245 0 0 |a ˜Derœ Weg polnischer Displaced Persons aus Lübeck nach Stettin - Ausreise aus Deutschland, Ankunft und Ansiedlung in Polen  |c Maciej Chrostowski 
264 0 |c 2016 
336 |a Text  |b txt  |2 rdacontent 
337 |a ohne Hilfsmittel zu benutzen  |b n  |2 rdamedia 
338 |a Band  |b nc  |2 rdacarrier 
500 |a Quellen- und Literaturverzeichnis, Seite 145-153 
648 7 |a Geschichte 1944-1951  |2 gnd 
650 7 |a Migration  |0 (DE-588)4120730-0  |0 (DE-603)085386928  |2 gnd 
650 7 |a Displaced Person  |0 (DE-588)4140484-1  |0 (DE-603)085539031  |2 gnd 
651 7 |a Deutschland  |0 (DE-588)4011882-4  |0 (DE-603)085025550  |2 gnd 
651 7 |a Polen  |0 (DE-588)4046496-9  |0 (DE-603)085129801  |2 gnd 
651 7 |a Lübeck  |0 (DE-588)4036483-5  |0 (DE-603)085098868  |2 gnd 
651 7 |a Stettin  |0 (DE-588)4057392-8  |0 (DE-603)085159689  |2 gnd 
773 0 8 |i Enthalten in  |t Lager - Repatriirung - Integration  |b 1. Auflage  |d Leipzig : BiblionMedia, 2016  |h 336 Seiten, Illustrationen  |z 3866885067  |z 9783866885066  |g (2016), Seite 121-153  |w (DE-603)381762084 
924 0 |9 2080  |a (DE-603)1006256512  |b DE-2080  |c HES  |d d  |g /